<?xml version="1.0" encoding="UTF-8"?>
<record
    xmlns:xsi="http://www.w3.org/2001/XMLSchema-instance"
    xsi:schemaLocation="http://www.loc.gov/MARC21/slim http://www.loc.gov/standards/marcxml/schema/MARC21slim.xsd"
    xmlns="http://www.loc.gov/MARC21/slim">

  <leader>01139nam a2200217 a 4500</leader>
  <controlfield tag="001">000002538</controlfield>
  <controlfield tag="005">20200929150217.0</controlfield>
  <controlfield tag="008">040929m1948    fr       b    001 0 fre  </controlfield>
  <datafield tag="040" ind1=" " ind2=" ">
    <subfield code="a">DO-SdBNP</subfield>
    <subfield code="b">spa</subfield>
    <subfield code="c">BNPHU</subfield>
  </datafield>
  <datafield tag="082" ind1=" " ind2=" ">
    <subfield code="a">944.04</subfield>
    <subfield code="b">S713e</subfield>
  </datafield>
  <datafield tag="100" ind1="1" ind2=" ">
    <subfield code="a">Sorel, Albert,</subfield>
    <subfield code="d">1842-1906.</subfield>
    <subfield code="9">7976</subfield>
  </datafield>
  <datafield tag="245" ind1="1" ind2="2">
    <subfield code="a">L'Europe et la revolution francaise /</subfield>
    <subfield code="c">Albert Sorel.</subfield>
  </datafield>
  <datafield tag="260" ind1=" " ind2=" ">
    <subfield code="a">Paris :</subfield>
    <subfield code="b">le petits fils de plon et nourrit,</subfield>
    <subfield code="c">[1948].</subfield>
  </datafield>
  <datafield tag="300" ind1=" " ind2=" ">
    <subfield code="a">8 v. ;</subfield>
    <subfield code="c">23 cm.</subfield>
  </datafield>
  <datafield tag="505" ind1="0" ind2=" ">
    <subfield code="a">v. 1. Las paredes y las tradiciones pol&#xED;ticas - v. 2. La ca&#xED;da de la monarqu&#xED;a - v. 3. La guerra contra los reyes, 1792-1793 - v. 4. Los l&#xED;mites naturales, 1794-1795 - v. 5. Bonaparte y el Directorio, 1795-1799 - v. 6. La tregua: Lun&#xE9;ville y Amiens, 1800-1805 - v. 7. El bloqueo continental: el gran imperio, 1806-1812 - v. 8. La coalici&#xF3;n, los proyectos de 1815, 1812-1815.</subfield>
  </datafield>
  <datafield tag="500" ind1=" " ind2=" ">
    <subfield code="a">La biblioteca posee los vol&#xFA;menes 5 y 8.</subfield>
  </datafield>
  <datafield tag="504" ind1=" " ind2=" ">
    <subfield code="a">Incluye referencias bibliogr&#xE1;ficas.</subfield>
  </datafield>
  <datafield tag="651" ind1=" " ind2="4">
    <subfield code="a">Francia</subfield>
    <subfield code="x">Revoluci{On</subfield>
    <subfield code="x">Historia</subfield>
    <subfield code="y">1789-1815.</subfield>
    <subfield code="9">7977</subfield>
  </datafield>
  <datafield tag="651" ind1=" " ind2="4">
    <subfield code="a">Europa</subfield>
    <subfield code="x">Historia</subfield>
    <subfield code="y">1789-1815.</subfield>
    <subfield code="9">7978</subfield>
  </datafield>
  <datafield tag="710" ind1="1" ind2=" ">
    <subfield code="a">John Boyd Thacher Collection (Library of Congress)</subfield>
    <subfield code="9">7979</subfield>
  </datafield>
  <datafield tag="952" ind1=" " ind2=" ">
    <subfield code="0">0</subfield>
    <subfield code="1">0</subfield>
    <subfield code="5">2</subfield>
    <subfield code="7">0</subfield>
    <subfield code="8">MO</subfield>
    <subfield code="a">GR</subfield>
    <subfield code="b">GR</subfield>
    <subfield code="c">CT</subfield>
    <subfield code="d">2009-09-21</subfield>
    <subfield code="i">LF1</subfield>
    <subfield code="l">0</subfield>
    <subfield code="o">t.5</subfield>
    <subfield code="p">2538-10</subfield>
    <subfield code="r">2020-06-25</subfield>
    <subfield code="w">2020-06-25</subfield>
    <subfield code="y">2</subfield>
    <subfield code="Z">Pr&#xE9;stamo interno</subfield>
  </datafield>
  <datafield tag="952" ind1=" " ind2=" ">
    <subfield code="0">0</subfield>
    <subfield code="1">0</subfield>
    <subfield code="5">2</subfield>
    <subfield code="7">0</subfield>
    <subfield code="8">MO</subfield>
    <subfield code="a">GR</subfield>
    <subfield code="b">GR</subfield>
    <subfield code="c">CT</subfield>
    <subfield code="d">2009-09-21</subfield>
    <subfield code="i">LF1</subfield>
    <subfield code="l">0</subfield>
    <subfield code="o">t.8</subfield>
    <subfield code="p">2538-20</subfield>
    <subfield code="r">2020-06-25</subfield>
    <subfield code="w">2020-06-25</subfield>
    <subfield code="y">2</subfield>
    <subfield code="Z">Pr&#xE9;stamo interno</subfield>
  </datafield>
  <datafield tag="999" ind1=" " ind2=" ">
    <subfield code="c">2374</subfield>
    <subfield code="d">2374</subfield>
  </datafield>
</record>
